000 00534nam a2200181Ia 4500
005 20250508150705.0
008 008 250505s9999 xx 000 0 eng d
037 _aTextual
040 _aFEDL
_beng
_cFEDL
041 _aeng
_2eng
084 _a372.4, ROE
_qFEDL
100 _aRoe Frances
_9757379
245 0 _aFundamental reading : The teaching of reading in infant schools
260 _aLondon, UK
_bUniversity of London Press
_c1944
300 _a78p.
942 _cTEXL
_h372.4, ROE
999 _c1325072
_d1325072